[Event "Caribean-chT Blitz 24th"]
[Site "San Salvador"]
[Date "2023.07.06"]
[Round "2.1"]
[White "Alvarez Gutierrez, Patricia"]
[Black "Johnson, Gabriella"]
[Result "0-1"]
[WhiteElo "1607"]
[BlackElo "1724"]
[PlyCount "46"]
[EventDate "2023.07.06"]
[EventType "tourn (blitz)"]
[EventRounds "15"]
[EventCountry "ESA"]
[SourceTitle "CBM 215 Extra"]
[Source "ChessBase"]
[SourceDate "2023.09.30"]
[SourceVersion "1"]
[SourceVersionDate "2023.09.30"]
[SourceQuality "1"]
[WhiteTeam "Nicaragua"]
[BlackTeam "Trinidad and Tobago"]
[WhiteTeamCountry "NCA"]
[BlackTeamCountry "TRI"]

1. d4 d5 2. Bf4 Nf6 3. Nd2 e6 4. e3 Bd6 5. Bg3 0-0 6. Bd3 c5 7. c3 Qc7 8. Bxd6 Qxd6 9. f4 cxd4 10. cxd4 b6 11. Ngf3 Bb7 12. 0-0 Nbd7 13. Ne5 Ne4 14. Rf3 f5 15. Rh3 Nxe5 16. fxe5 Qe7 17. Bxe4 fxe4 18. Qg4 Ba6 19. Qh5 g6 20. Rg3 Qf7 21. Qd1 Rac8 22. Rg4 Qf2+ 23. Kh1 Be2 0-1

[Event "Caribean-chT Rapid 24th"]
[Site "San Salvador"]
[Date "2023.07.04"]
[Round "8.1"]
[White "Johnson, Gabriella"]
[Black "Vasquez Vasquez, Marielos"]
[Result "0-1"]
[WhiteElo "1733"]
[BlackElo "1718"]
[PlyCount "124"]
[EventDate "2023.07.03"]
[EventType "tourn (rapid)"]
[EventRounds "15"]
[EventCountry "ESA"]
[SourceTitle "CBM 215 Extra"]
[Source "ChessBase"]
[SourceDate "2023.09.30"]
[SourceVersion "1"]
[SourceVersionDate "2023.09.30"]
[SourceQuality "1"]
[WhiteTeam "Trinidad and Tobago"]
[BlackTeam "El Salvador"]
[WhiteTeamCountry "TRI"]
[BlackTeamCountry "ESA"]

1. e4 c5 2. Nf3 Nc6 3. Bb5 g6 4. 0-0 Bg7 5. Re1 Nd4 6. Bf1 d6 7. c3 Nxf3+ 8. Qxf3 Nf6 9. h3 0-0 10. d4 cxd4 11. cxd4 Qb6 12. Qd3 d5 13. e5 Ne4 14. Nd2 Bf5 15. Qe3 Rac8 16. g4 Nxd2 17. Bxd2 Bc2 18. b3 a5 19. Rac1 a4 20. b4 Rfd8 21. Bc3 Bxe5 22. dxe5 d4 23. Bxd4 Qxd4 24. Qxd4 Rxd4 25. Bb5 Rdd8 26. Kh2 g5 27. Re2 Bd1 28. Rxc8 Rxc8 29. Rd2 Bf3 30. Bxa4 Rc1 31. Kg3 Be4 32. f3 Rc3 33. Bd1 Bc6 34. Kf2 e6 35. Ke2 Rxf3 36. Rd3 Rf4 37. a3 Bb5 38. Bc2 Re4+ 39. Kd2 Bxd3 40. Kxd3 Rxe5 41. Kc4 b5+ 42. Kd4 Rd5+ 43. Kc3 Kf8 44. a4 bxa4 45. Bxa4 Ke7 46. Bc6 Rd1 47. b5 Kd6 48. Kb4 Ra1 49. Be4 Kc7 50. Bxh7 Rh1 51. Bg8 Rf1 52. Bh7 f5 53. gxf5 exf5 54. Kc5 f4 55. Kd4 Rf3 56. Bf5 Rb3 57. Ke4 f3 58. Bg4 f2 59. Be2 Rxh3 60. Kf5 Rf3+ 61. Kxg5 f1Q 62. Bxf1 Rxf1 0-1

[Event "Caribean-chT Rapid 24th"]
[Site "San Salvador"]
[Date "2023.07.03"]
[Round "5.1"]
[White "Gonzalez Peguero, Mary Loly"]
[Black "Johnson, Gabriella"]
[Result "0-1"]
[WhiteElo "1688"]
[BlackElo "1733"]
[PlyCount "52"]
[EventDate "2023.07.03"]
[EventType "tourn (rapid)"]
[EventRounds "15"]
[EventCountry "ESA"]
[SourceTitle "CBM 215 Extra"]
[Source "ChessBase"]
[SourceDate "2023.09.30"]
[SourceVersion "1"]
[SourceVersionDate "2023.09.30"]
[SourceQuality "1"]
[WhiteTeam "Dominican Republic"]
[BlackTeam "Trinidad and Tobago"]
[WhiteTeamCountry "DOM"]
[BlackTeamCountry "TRI"]

1. c4 Nf6 2. Nc3 e5 3. g3 c6 4. Bg2 d5 5. d4 e4 6. c5 Be7 7. e3 0-0 8. Nge2 Na6 9. a3 Nc7 10. 0-0 Ne6 11. b4 Ng5 12. h4 Ne6 13. b5 g5 14. hxg5 Nxg5 15. Nf4 Bg4 16. Qa4 Qd7 17. bxc6 bxc6 18. Nce2 Nf3+ 19. Kh1 Nh5 20. Ng1 Nxf4 21. exf4 Qf5 22. Nxf3 exf3 23. Re1 Qh5+ 24. Kg1 fxg2 25. Kxg2 Qh3+ 26. Kg1 Bf3 0-1

[Event "Online Olym Div3 D"]
[Site "Chess.com INT"]
[Date "2021.08.29"]
[Round "8.1"]
[White "Jacobs, Annelaine"]
[Black "Johnson, Gabriella"]
[Result "0-1"]
[WhiteElo "1612"]
[BlackElo "1823"]
[PlyCount "106"]
[EventDate "2021.08.27"]
[EventType "team-tourn (rapid)"]
[EventRounds "9"]
[EventCountry "USA"]
[SourceTitle "CBM 204 Extra"]
[Source "ChessBase"]
[SourceDate "2021.11.30"]
[SourceVersion "1"]
[SourceVersionDate "2021.11.30"]
[SourceQuality "1"]
[WhiteTeam "Aruba"]
[BlackTeam "Trinidad and Tobago"]
[WhiteTeamCountry "ARN"]
[BlackTeamCountry "TRI"]

1. e4 g6 2. d4 Bg7 3. Nc3 d6 4. Be3 a6 5. Nf3 b5 6. a3 Bb7 7. Bd3 Nd7 8. b3 Ngf6 9. 0-0 0-0 10. Qd2 Ng4 11. h3 Nxe3 12. Qxe3 c5 13. Rad1 Rc8 14. Nb1 cxd4 15. Nxd4 Nc5 16. Nf3 Qc7 17. Rfe1 Rfd8 18. Nfd2 Ne6 19. c4 Bd4 20. Qg3 Qb6 21. Nf3 Bg7 22. cxb5 axb5 23. Rc1 d5 24. exd5 Bxd5 25. Rxc8 Rxc8 26. b4 Qa7 27. Rd1 Qa4 28. Re1 Ba2 29. Nfd2 Bb2 30. Qe3 Bxa3 31. Nxa3 Qxa3 32. Bxb5 Qxb4 33. Bf1 Rc2 34. Nf3 Bd5 35. Ne5 Qd4 36. Qxd4 Nxd4 37. Nd3 e6 38. Nb4 Rc5 39. Nxd5 Rxd5 40. Rd1 Nf3+ 41. gxf3 Rxd1 42. Kg2 Kf8 43. Be2 Rd4 44. Kg3 h6 45. Bb5 f5 46. Ba6 Ke7 47. Kg2 Kd6 48. Kg3 g5 49. Bc8 h5 50. Kg2 Ke5 51. Kg3 h4+ 52. Kg2 Rd6 53. Ba6 Rxa6 0-1

[Event "Online Olym Div3 D"]
[Site "Chess.com INT"]
[Date "2021.08.29"]
[Round "9.5"]
[White "Johnson, Gabriella"]
[Black "Vargas, Gabriela"]
[Result "0-1"]
[WhiteElo "1823"]
[BlackElo "2160"]
[PlyCount "56"]
[EventDate "2021.08.27"]
[EventType "team-tourn (rapid)"]
[EventRounds "9"]
[EventCountry "USA"]
[SourceTitle "CBM 204 Extra"]
[Source "ChessBase"]
[SourceDate "2021.11.30"]
[SourceVersion "1"]
[SourceVersionDate "2021.11.30"]
[SourceQuality "1"]
[WhiteTeam "Trinidad and Tobago"]
[BlackTeam "Paraguay"]
[WhiteTeamCountry "TRI"]
[BlackTeamCountry "PAR"]

1. e4 e6 2. d4 d5 3. exd5 exd5 4. Nf3 Bd6 5. Bd3 Ne7 6. 0-0 Nbc6 7. a3 Bg4 8. h3 Bxf3 9. Qxf3 Nxd4 10. Qg4 Ne6 11. Nc3 c6 12. f4 g6 13. f5 gxf5 14. Bxf5 Rg8 15. Qh5 Nxf5 16. Qxf5 Qb6+ 17. Kh1 0-0-0 18. Qxf7 Ng7 19. Bh6 Rdf8 20. Nxd5 cxd5 21. Qxd5 Rd8 22. Rf7 Bc7 23. Qc4 Nf5 24. Bf4 Nd6 25. Bxd6 Qxd6 26. Kg1 Qh2+ 27. Kf2 Qxg2+ 28. Ke3 Rge8+ 0-1

[Event "Olympiad Women-43"]
[Site "Batumi"]
[Date "2018.09.28"]
[Round "5.41"]
[White "February, Jesse Nikki"]
[Black "Johnson, Gabriella"]
[Result "1-0"]
[WhiteElo "1933"]
[BlackElo "1840"]
[PlyCount "75"]
[EventDate "2018.09.24"]
[EventType "team-swiss"]
[EventRounds "11"]
[EventCountry "GEO"]
[SourceTitle "EXT 2020"]
[Source "ChessBase"]
[SourceDate "2019.10.17"]
[SourceVersion "1"]
[SourceVersionDate "2019.10.17"]
[SourceQuality "1"]
[WhiteTeam "South Africa (W)"]
[BlackTeam "Trinidad and Tobago (W)"]
[WhiteTeamCountry "RSA"]
[BlackTeamCountry "TRI"]

1. e4 g6 2. Nf3 Bg7 3. d4 d6 4. Be3 a6 5. a4 Nf6 6. Bd3 0-0 7. Nbd2 Bg4 8. h3 Bxf3 9. Nxf3 Nbd7 10. 0-0 e6 11. Qd2 Rc8 12. Bg5 Qe8 13. e5 dxe5 14. dxe5 Nd5 15. Rfe1 c5 16. Be4 Nb4 17. Rad1 Nb8 18. c3 N4c6 19. b4 cxb4 20. cxb4 Nxe5 21. Nxe5 Bxe5 22. Bxb7 Bc3 23. Qe3 Rc7 24. Rc1 f6 25. Bh6 Rff7 26. Rxc3 Rxb7 27. Qxe6 Qxe6 28. Rxe6 Rfd7 29. Rxf6 Rd8 30. Rd3 Rc8 31. Rdf3 Nd7 32. Rf7 Rbc7 33. Kh2 g5 34. Rg7+ Kh8 35. Rff7 Rd8 36. Rxh7+ Kg8 37. Rfg7+ Kf8 38. Rxd7+ 1-0

[Event "Olympiad Women-43"]
[Site "Batumi"]
[Date "2018.09.27"]
[Round "4.54"]
[White "Johnson, Gabriella"]
[Black "Tjong Tjin Joe, Kaithleen"]
[Result "1-0"]
[WhiteElo "1840"]
[BlackElo "1683"]
[PlyCount "101"]
[EventDate "2018.09.24"]
[EventType "team-swiss"]
[EventRounds "11"]
[EventCountry "GEO"]
[SourceTitle "EXT 2020"]
[Source "ChessBase"]
[SourceDate "2019.10.17"]
[SourceVersion "1"]
[SourceVersionDate "2019.10.17"]
[SourceQuality "1"]
[WhiteTeam "Trinidad and Tobago (W)"]
[BlackTeam "Surinam (W)"]
[WhiteTeamCountry "TRI"]
[BlackTeamCountry "SUR"]

1. e4 e5 2. Nf3 Nc6 3. Bc4 Bc5 4. 0-0 Nf6 5. d3 h6 6. c3 d6 7. a4 a5 8. Re1 0-0 9. Nbd2 Ng4 10. Re2 Be6 11. Bxe6 fxe6 12. h3 Nf6 13. Nf1 Bb6 14. Be3 Bxe3 15. Rxe3 b6 16. Qc2 Nh5 17. g3 Rf6 18. Rc1 Qf8 19. Qd1 Qf7 20. Rc2 Rf8 21. N1h2 Rg6 22. Nh4 Rf6 23. Ng4 g5 24. Nxf6+ Nxf6 25. Ng2 Ne7 26. Re1 Ng6 27. Ne3 Kg7 28. Ng4 Rh8 29. Qf3 h5 30. Qxf6+ Qxf6 31. Nxf6 Kxf6 32. d4 h4 33. Kg2 Rg8 34. Rb1 d5 35. exd5 exd5 36. dxe5+ Nxe5 37. Rd1 c6 38. Re2 hxg3 39. fxg3 g4 40. Rf1+ Ke6 41. Rfe1 gxh3+ 42. Kxh3 Rh8+ 43. Kg2 Rh5 44. g4 Rg5 45. Kh3 Kf6 46. Rxe5 Rxe5 47. Rxe5 Kxe5 48. Kh4 Kf6 49. Kh5 Kg7 50. Kg5 c5 51. Kf5 1-0

[Event "Olympiad Women-43"]
[Site "Batumi"]
[Date "2018.09.25"]
[Round "2.40"]
[White "Johnson, Gabriella"]
[Black "Mencos Castillo, Maria E"]
[Result "0-1"]
[WhiteElo "1840"]
[BlackElo "1888"]
[PlyCount "88"]
[EventDate "2018.09.24"]
[EventType "team-swiss"]
[EventRounds "11"]
[EventCountry "GEO"]
[SourceTitle "EXT 2020"]
[Source "ChessBase"]
[SourceDate "2019.10.17"]
[SourceVersion "1"]
[SourceVersionDate "2019.10.17"]
[SourceQuality "1"]
[WhiteTeam "Trinidad and Tobago (W)"]
[BlackTeam "Guatemala (W)"]
[WhiteTeamCountry "TRI"]
[BlackTeamCountry "GUA"]

1. e4 e5 2. Nf3 Qe7 3. Bc4 h6 4. 0-0 Nf6 5. Re1 d6 6. Nc3 c6 7. d4 Bg4 8. Be2 Qc7 9. Qd3 Bc8 10. Nh4 g6 11. Bf1 Nbd7 12. b4 Bg7 13. Rb1 0-0 14. Nd1 Re8 15. Qb3 Nf8 16. dxe5 dxe5 17. h3 Be6 18. Bc4 Rad8 19. Nb2 Bxc4 20. Nxc4 Kh7 21. Bb2 Nh5 22. Rbd1 Ne6 23. Nf3 Nd4 24. Qc3 Nxf3+ 25. Qxf3 Nf4 26. Kh2 b5 27. Ne3 Ne6 28. Ng4 Nd4 29. Bxd4 exd4+ 30. Kg1 Be5 31. Rd3 h5 32. Nf6+ Bxf6 33. Qxf6 Re6 34. Qg5 Re5 35. Qd2 c5 36. f3 Qb6 37. Qf4 Re7 38. Red1 c4 39. Qg5 Red7 40. R3d2 d3+ 41. Kh2 Qc7+ 42. g3 dxc2 43. Rxd7 cxd1Q 44. Rxc7 Rd2+ 0-1

[Event "De Verteuil Memorial 25th"]
[Site "Port of Spain"]
[Date "2017.11.09"]
[Round "6"]
[White "Johnson, Gabriella"]
[Black "Cupid, Kevin"]
[Result "0-1"]
[WhiteElo "1899"]
[BlackElo "2147"]
[PlyCount "100"]
[EventDate "2017.10.05"]
[EventType "swiss"]
[EventRounds "7"]
[EventCountry "TRI"]
[SourceTitle "CBM 187 Extra"]
[Source "ChessBase"]
[SourceDate "2018.11.04"]
[SourceVersion "1"]
[SourceVersionDate "2018.11.04"]
[SourceQuality "1"]

1. e4 c6 2. d4 d5 3. exd5 cxd5 4. c4 Nf6 5. Nc3 Nc6 6. Nf3 Bg4 7. Be2 e6 8. c5 Be7 9. Bf4 0-0 10. h3 Bxf3 11. gxf3 Nh5 12. Bh2 f5 13. Qd2 g6 14. 0-0-0 Bf6 15. Qe3 Re8 16. Rhg1 e5 17. dxe5 d4 18. Bc4+ Kh8 19. Qe2 Bxe5 20. Bxe5+ Rxe5 21. Qf1 Qa5 22. Nb5 Rxc5 23. Kb1 Qb4 24. Nd6 Ne5 25. Bb3 Rd8 26. Nf7+ Nxf7 27. Bxf7 Nf4 28. a3 Qb6 29. Qe1 Qf6 30. Qb4 b6 31. Ba2 Nxh3 32. Rge1 Nf4 33. Qa4 Ra5 34. Re8+ Kg7 35. Rg8+ Rxg8 36. Qd7+ Kh8 37. Bxg8 Kxg8 38. Rxd4 Ne6 39. Rd6 Re5 40. Qc8+ Kg7 41. Rd7+ Kh6 42. Qc1+ f4 43. Rxa7 Ng7 44. Qc4 Qf5+ 45. Ka2 Qe6 46. Qxe6 Nxe6 47. Ra6 b5 48. a4 Nc5 49. Ra5 Nxa4 50. b4 Kg5 0-1

[Event "Port of Spain op"]
[Site "Port of Spain"]
[Date "2017.08.31"]
[Round "6"]
[White "Johnson, Gabriella"]
[Black "Soondarsingh, Dev"]
[Result "0-1"]
[WhiteElo "1941"]
[BlackElo "1951"]
[PlyCount "102"]
[EventDate "2017.08.27"]
[EventType "swiss"]
[EventRounds "9"]
[EventCountry "TRI"]
[SourceTitle "CBM 180 Extra"]
[Source "ChessBase"]
[SourceDate "2017.10.06"]
[SourceVersion "1"]
[SourceVersionDate "2017.10.06"]
[SourceQuality "1"]

1. e4 c5 2. Nf3 d6 3. d4 cxd4 4. Nxd4 Nf6 5. Nc3 a6 6. Be2 e5 7. Nb3 Be7 8. a4 0-0 9. 0-0 Be6 10. Be3 Nc6 11. f4 exf4 12. Rxf4 Ne5 13. Nd4 Rc8 14. Nf5 Bxf5 15. exf5 Nfd7 16. Rd4 Nc6 17. Rd2 Re8 18. Ne4 Bf8 19. Nxd6 Bxd6 20. Rxd6 Rxe3 21. Rxd7 Qb6 22. Kh1 Ne5 23. a5 Qf6 24. Rd6 Qh4 25. Ra4 Qxa4 26. Rd8+ Qe8 27. Rxe8+ Rxe8 28. h3 Nc4 29. Qd5 Nxa5 30. Bd3 Nc6 31. Bxa6 Rd8 32. Qc5 Re1+ 33. Kh2 h5 34. Bxb7 Nd4 35. Qa5 Rde8 36. Qc5 Ne2 37. Qf2 Rc1 38. Bf3 Rxc2 39. Bxe2 Rexe2 40. Qf3 Rxb2 41. Qa8+ Kh7 42. Qf3 Rxg2+ 43. Kh1 Rh2+ 44. Kg1 Rbg2+ 45. Qxg2 Rxg2+ 46. Kxg2 Kh6 47. h4 g6 48. fxg6 Kxg6 49. Kg3 Kf5 50. Kf3 f6 51. Kg3 Ke4 0-1